| 000 | 01303nam a2200241 4500 | ||
|---|---|---|---|
| 999 |
_c62581 _d62581 |
||
| 003 | Ge_BSU | ||
| 005 | 20241210120457.0 | ||
| 008 | 241210s2024 ge ||||| |||| 00| 0 geo d | ||
| 020 | _a9789941509520 | ||
| 041 | _ageo | ||
| 080 | _a398(=353.1)(560) შ-67 | ||
| 100 |
_aშიოშვილი, თინა _923940 |
||
| 245 |
_aქართველ მუჰაჯირთა შთამომავლების ფოლკლორი / _cთინა შიოშვილი; რედაქტორი მამია ფაღავა. |
||
| 264 |
_aთბილისი : _bსაარი, _c2024. |
||
| 300 |
_a788 გვ.; _b25 გვ. |
||
| 500 | _aავტორი წიგნის გამოცემასი გაწეული უანგარო დახმარებისათვის მადლობას უხდის სამშენებლო კომპანია "ანაგს" | ||
| 501 | _aპარალ. სათ. ინგლ. ენაზე | ||
| 653 | _aფოლკლორი | ||
| 653 | _aმუჰაჯირთა შთამომავლები | ||
| 700 |
_aფაღავა, მამია _eრედაქტორი _923941 |
||
| 773 | _tნაჩუქარი | ||
| 942 |
_2udc _cᲬᲘᲒᲜᲘ |
||